Who has Neymar Jr played for? #3 - Statistics

General Stats
  • This quiz has been taken 54 times
  • The average score is 5 of 5
Answer Stats
Hint Answer % Correct
2013-2017 Barcelona
100%
2017-2023 Paris Saint-Germain
100%
2009-2013 Santos
94%
2023- Al Hilal
90%
2009- Brazil
69%
No matching quizzes found
Score Distribution
Percent of People with Each Score
Percentile by Number Answered
Your Score History
You have not taken this quiz